Ronald Koeman's Ajax - Statistics

General Stats
  • This quiz has been taken 9 times
  • The average score is 32 of 56
Answer Stats
Rank Player Position Nationality Matches Goals Assists % Correct
44 Angelos Charisteas Centre-Forward 6 1 0
100%
27 Jari Litmanen Attacking Midfield 31 7 3
100%
1 Maxwell Left-Back 134 10 19
100%
6 Zlatan Ibrahimović Centre-Forward 95 44 15
100%
9 Andy van der Meyde Right Winger 69 17 25
89%
22 Mido Centre-Forward 43 21 11
89%
3 Rafael van der Vaart Attacking Midfield 98 40 19
89%
4 Steven Pienaar Left Midfield 97 14 11
89%
8 Wesley Sneijder Attacking Midfield 90 21 22
89%
11 Cristian Chivu Centre-Back 65 6 3
78%
31 Giannis Anastasiou Centre-Forward 26 6 4
78%
25 Maarten Stekelenburg Goalkeeper 36 0 0
78%
5 Nigel de Jong Defensive Midfield 96 4 2
78%
2 Tomas Galasek Defensive Midfield 113 14 11
78%
16 André Bergdölmo Centre-Back 50 7 2
67%
10 Bogdan Lobonț Goalkeeper 65 0 0
67%
7 Hatem Trabelsi Right-Back 90 2 10
67%
26 Jelle Van Damme Centre-Back 33 0 0
67%
13 Johnny Heitinga Centre-Back 62 4 1
67%
19 John O'Brien Defensive Midfield 47 1 1
67%
12 Julien Escudé Centre-Back 64 5 1
67%
34 Nikolaos Machlas Centre-Forward 21 11 1
67%
21 Petri Pasanen Centre-Back 45 4 0
67%
51 Thomas Vermaelen Centre-Back 1 0 0
67%
24 Wamberto Right Winger 37 7 2
67%
20 Wesley Sonck Centre-Forward 47 15 5
67%
23 Zdenek Grygera Right-Back 42 1 0
67%
29 Anthony Obodai Defensive Midfield 30 2 2
56%
56 Aron Winter Central Midfield 1 0 0
56%
30 Daniël de Ridder Left Winger 30 3 2
56%
38 Hans Vonk Goalkeeper 15 0 0
56%
35 Joey Didulica Goalkeeper 20 0 0
56%
39 Ryan Babel Left Winger 15 7 2
56%
50 Jason Culina Central Midfield 2 0 0
44%
32 Mauro Rosales Right Midfield 24 5 1
44%
18 Nicolae Mitea Left Winger 50 9 3
44%
17 Nourdin Boukhari Attacking Midfield 50 11 2
44%
49 Rasmus Lindgren Centre-Back 3 0 0
44%
28 Richard Witschge Central Midfield 31 1 3
44%
47 Stanley Aborah Central Midfield 5 0 0
44%
41 Tom De Mul Right Midfield 10 1 0
44%
33 Tom Soetaers Left Winger 21 4 3
44%
14 Victor Sikora Right Winger 54 7 8
44%
15 Abubakari Yakubu Defensive Midfield 52 0 1
33%
37 Fred Grim Goalkeeper 19 0 0
33%
54 Hedwiges Maduro Defensive Midfield 1 0 0
33%
42 Pius Ikedia Right Winger 10 1 1
33%
43 Stefano Seedorf Central Midfield 7 0 0
33%
55 Urby Emanuelson Central Midfield 1 0 0
33%
53 Cedric van der Gun Centre-Forward 1 0 0
22%
45 Ferdi Vierklau Right-Back 5 0 0
22%
48 Henk Timmer Goalkeeper 4 0 0
22%
52 Jamal Akachar Centre-Forward 1 0 0
22%
36 Jan van Halst Defensive Midfield 20 0 1
22%
46 Richard Knopper Attacking Midfield 5 0 0
22%
40 Tim de Cler Left-Back 10 0 1
22%
No matching quizzes found
Score Distribution
Percent of People with Each Score
Percentile by Number Answered
Your Score History
You have not taken this quiz